000
00301nam a2200109Ia 4500
005
20251222114410.0
008
251222s1900||||xx |||||||||||||| ||spa||
082
_a
DVD0092/S25D/2006
245
0
_a
Santuario de la Virgen de Asunta.
264
_b
Castillejo, Christian. Salas Delgado, Raúl.
942
_c
DVD
999
_c
2017
_d
2017